LEADER 01040nam0 22002651i 450 001 UON00021164 005 20231205102019.512 010 $a88-343-7607-2 100 $a20020107d1992 |0itac50 ba 101 $aita 102 $aIT 105 $a|||| 1|||| 200 1 $aVademecum Cartografico. Informazioni per l'analisi e la lettura delle carte geografiche e topografiche$fAlessandro Schiavi 210 $a2a ed. riveduta e ampliata 215 $aMilano$cVita e Pensiero, 1992 xv, 173 p.$d24 cm 620 $aIT$dMilano$3UONL000005 686 $aGEO VIII B$cGEO-CARTOGRAFIA$2A 700 1$aSchiavi$bAlessandro$3UONV014434$0118597 712 $aVita e Pensiero$3UONV247269$4650 801 $aIT$bSOL$c20251003$gRICA 899 $aSIBA - SISTEMA BIBLIOTECARIO DI ATENEO$2UONSI 912 $aUON00021164 950 $aSIBA - SISTEMA BIBLIOTECARIO DI ATENEO$dSI DIP.SC.SOC. 080 $eSI SA 80613 6 080 $sSmarrito 996 $aVademecum cartografico$998398 997 $aUNIOR